000 00760nam a22002297a 4500
003 UA-OsUOA
001 101638
007 ta
008 20130704b un ||||| |||| 00| 0 ukr d
100 _aКизим М.О.
700 _aРаєвнєва О.В.
090 _a330(477)
_bК38
942 _cSA
040 _aUA-OsUOA
_bukr
_cUA-OsUOA
_dUA-OsUOA
245 _aПрогнозування акцизних надходжень до державного бюджету: теоретичний і економіко-математичний аспекти
300 _aС.31-44
955 _a0
041 _aukr
080 _a330(477)
773 0 _w101637
_tФінанси України
_dК.
_d2012
_g11
650 7 _a330 Економіка взагалі
_2UDC
999 _c387813
_d387813